000 00785nam a2200229 i 4500
001 bg
100 1 _aMYSZEWSKI, Jan M.
245 1 0 _aZarządzanie zmiennością :
_bsystemowe spojrzenie na metody statystyczne w zarządzaniu jakością /
_cJan M. Myszewski.
260 _aWarszawa :
_bInstytut Organizacji i Zarządzania w Przemyśle "Orgmasz",
_c1998.
300 _a158 s. :
_bwykr. ;
_c24 cm.
504 _aBibliogr. s. 146-154.
650 9 _aStatystyka matematyczna
_xstosowanie
_xprzemysł
650 9 _aZarządzanie jakością
_xmetody
020 _a838692960X
040 _cBPK
041 0 _apl
080 _a658.56:519.2
920 _a83-86929-60-X
942 _cKS
008 s pl f |000 0 pol
999 _c39642
_d39642
856 _uhttp://koha.tu.koszalin.pl/cgi-bin/koha/opac-detail.pl?biblionumber=39642
_yKatalog online BPK